书目信息 |
| 题名: |
研究生英语学位课统考真题及模拟题精解
|
|
| 作者: | 鲁显生, , 卢鹿 , 姜琳琳 主编 | |
| 分册: | ||
| 出版信息: | 北京 中国人民大学出版社 2024.12 |
|
| 页数: | 270页 | |
| 开本: | 26cm | |
| 丛书名: | ||
| 单 册: | ||
| 中图分类: | H310.421 | |
| 科图分类: | ||
| 主题词: | 英语--Ying Yu--研究生--统一考试--题解 | |
| 电子资源: | ||
| ISBN: | 978-7-300-33443-1 | |
| 000 | 01023nam0 2200277 450 | |
| 001 | CAL 012025051735 | |
| 005 | 20251022095035.04 | |
| 010 | @a978-7-300-33443-1@dCNY58.00 | |
| 099 | @aCAL 012025051735 | |
| 100 | @a20250516d2024 em y0chiy0120 ea | |
| 101 | 0 | @achi@aeng |
| 102 | @aCN@b110000 | |
| 105 | @ay zq 000yy | |
| 106 | @ar | |
| 200 | 1 | @a研究生英语学位课统考真题及模拟题精解@AYan Jiu Sheng Ying Yu Xue Wei Ke Tong Kao Zhen Ti Ji Mo Ni Ti Jing Jie@eGET 2023-2024@f主编鲁显生, 卢鹿, 姜琳琳 |
| 210 | @a北京@c中国人民大学出版社@d2024.12 | |
| 215 | @a270页@d26cm | |
| 330 | @a本书包括3个部分:2023-2024年北京地区研究生英语学位课统考真题和模拟题;统考真题和模拟题答案及录音文字稿;统考真题和模拟题精解。 | |
| 606 | 0 | @a英语@AYing Yu@x研究生@x统一考试@j题解 |
| 690 | @aH310.421@v5 | |
| 701 | 0 | @a鲁显生,@ALu Xian Sheng@f1963-@4主编 |
| 701 | 0 | @a卢鹿@ALu Lu@4主编 |
| 701 | 0 | @a姜琳琳@AJiang Lin Lin@4主编 |
| 801 | 0 | @aCN@c20250919 |
| 905 | @a河南城建学院图书馆@dH310.421@eL823@ZL823@f1 | |
| 998 | @aOUC | |
| 研究生英语学位课统考真题及模拟题精解:GET 2023-2024/主编鲁显生, 卢鹿, 姜琳琳.-北京:中国人民大学出版社,2024.12 |
| 270页;26cm |
| ISBN 978-7-300-33443-1:CNY58.00 |
| 本书包括3个部分:2023-2024年北京地区研究生英语学位课统考真题和模拟题;统考真题和模拟题答案及录音文字稿;统考真题和模拟题精解。 |
| ● |
| 相关链接 |
|
|
|
正题名:研究生英语学位课统考真题及模拟题精解
索取号:H310.421/L823
 
预约/预借
| 序号 | 登录号 | 条形码 | 馆藏地/架位号 | 状态 | 备注 |
| 1 | 1637734 | 216377347 | 语言库209/209语言库 101排3列1层/ [索取号:H310.421/L823] | 在馆 |